01004nam a2200205Ia 4500008004100000020001500041041001200056082001600068100001500084245009300099260002500192300000800217650001800225700001700243942000700260999001500267952017200282952017200454952017200626221030s9999 xx 000 0 und d a8120310535 aEnglish a105.23bCom aM. L. Blum 0aIndustrial Psychology : Its Theoretical & Social Foundationcby M. L. Blum, J. C. Naylor bPHIaNew Delhic2001 a613 aBE Management aJ. C. Naylor cBK c1462d1462 pBE 5894g195.00l0o105.23 Comr2024-06-13 00:00:00w2022-10-30yBK003Print4070aMIETLIBbMIETLIBcBL-Academic Block- A, FL-1, CUP-69, SH-5, R-5d2002-08-0910HBE pBE 5895g195.00l0o105.23 Blur2024-06-13 00:00:00w2022-10-30yBK003Print4070aMIETLIBbMIETLIBcBL-Academic Block- A, FL-1, CUP-69, SH-5, R-5d2002-08-2410HBE pBE 5896g195.00l0o105.23 Blur2024-06-13 00:00:00w2022-10-30yBK003Print4070aMIETLIBbMIETLIBcBL-Academic Block- A, FL-1, CUP-69, SH-5, R-5d2002-08-2410HBE